Industrial, Goth, Emo or Pigfuck? - Statistics

General Stats
  • This quiz has been taken 30 times
  • The average score is 12 of 16
Answer Stats
Question Answer % Correct
My Chemical Romance* Emo
96%
Fall Out Boy Emo
93%
Pierce the Veil* Emo
89%
Siouxsie & the Banshees Goth
89%
Joy Division* Goth
89%
KMFDM Industrial
86%
Sisters of Mercy Goth
82%
Type O Negative Goth
71%
Sleeping With Sirens Emo
68%
Ministry Industrial
64%
Throbbing Gristle Industrial
61%
Skinny Puppy* Industrial
61%
Shellac* Pigfuck
57%
Butt Hole Surfers (Early) Pigfuck
57%
Big Black* Pigfuck
50%
Helmet (Early) Pigfuck
43%
No matching quizzes found
Score Distribution
Percent of People with Each Score
Percentile by Number Answered
Your Score History
You have not taken this quiz